01619nam a2200337 a 4500001001200000003000800012006001900020007001500039008004100054010001700095020001500112020001500127040002100142035002100163050002800184082002200212100003000234245012300264260005200387300001500439504004100454505032900495533015200824650004000976650004001016650003601056655002901092710001701121856012601138999001701264ebr10015834CaPaEBRm u cr cn|||||||||010807s2000 enk sb 000 0 eng  z 2001270748 z1841500186 z1841508217 aCaPaEBRcCaPaEBR a(OCoLC)55925281014aPN1992.3.G7bB39 2000eb04a791.45/6217322211 aBillingham, Peter,d1953-10aSensing the city through televisionh[electronic resource] :burban identities in fictional drama /cPeter Billingham. aBristol, UK ; Portland, OR :bIntellect,c2000. aiv, 187 p. aIncludes bibliographical references.0 aSensing the city : navigating a journey -- Policing the imagination : Tony Garnett's The cops -- The city as a site of redemptive struggle : Tony Marchant's Holding on -- The fabled city : The San Francisco of Armistead Maupin's Tales of the city -- A Manchester heterotopia? : Queer as folk -- Homicide, life on the street. aElectronic reproduction.bPalo Alto, Calif. :cebrary,d2013.nAvailable via World Wide Web.nAccess may be limited to ebrary affiliated libraries. 0aTelevision programszGreat Britain. 0aTelevision programszUnited States. 0aCities and towns on television. 7aElectronic books.2local2 aebrary, Inc.40uhttp://site.ebrary.com/lib/rucke/Doc?id=10015834zAn electronic book accessible through the World Wide Web; click to view c10675d10675